| 000 | 00624 a2200181 4500 | ||
|---|---|---|---|
| 005 | 2008082905205.0 | ||
| 008 | 080829t xxu||||| |||| 00| 0 eng d | ||
| 010 | _aENG-87459 | ||
| 020 | _c200.00 | ||
| 035 | _aEN-70992 | ||
| 037 | _bDBAD / PUB | ||
| 082 | _a821 | ||
| 245 |
_aKabeer _bselected poems _ctranslated by Prabhu Datta Sharma " Pathik " |
||
| 260 |
_aJaipur _bResearch Publications _c2005 |
||
| 300 |
_aiv, 77 p. _c22 cm ( Hb.) |
||
| 942 |
_adpl _cEN _k821/KAB _2ddc _h821 _mKAB |
||
| 999 |
_c6665 _d6665 |
||